000 00703cam a2200229 4500
001 ABS62896
008 000000n2000 000 0 eng u
035 _a(Sirsi) u108696
100 _aMacCallum, V.
245 _aCommon consent
260 _c2000
490 _aLaw Society's Gazette
_v97(36) 21 September 2000, 32-33(2)
520 _aConsiders the future for the leasehold system of flat ownership if the Commonhold and Leasehold Reform Bill becomes law.
590 _aABS
650 _aCOMMONHOLD
650 _aLEASEHOLD REFORM
650 _aLEASEHOLD ENFRANCHISEMENT
650 _aFLAT OWNERSHIP
650 _aFREEHOLD
690 _aLANDLORD AND TENANT-LEASEHOLD REFORM
942 _n0
999 _c64888
_d64888